000 005070000a22001690004500
003 MACL
005 20151227152645.0
008 151227b xxu||||| |||| 00| 0 eng d
040 _aMACL
_cMACL
041 _aEnglish
082 _a050/EDN
100 _aEdmundson, Dr George
_923426
245 _aJournal of The Travels
_bAnd Labours of Father Samuel Fritz in The River of The Amazons Between 1686 and 1723
260 _bThe Hakluyt Society
650 _aSerial Publication
_9330
942 _cBK
_k050/EDM
_2ddc
999 _c38497
_d38497